000 01887nam a2200241Ia 4500
008 260220t1961||||xx |||||||||||||| ||spa||
040 _aPY-SlUNAC
_bspa
_erda
041 _aspa
082 _a522.2
_bT313t
100 _aTexereau, Jean
_eAutor
245 0 _aEl telescopio del aficionado :
_bcomo se construye /
_cpor Jean Texereau [Autor]
264 _aBuenos Aires :
_bUniversitaria,
_c℗1961.
300 _a1 volumen
520 _aEn "El telescopio del aficionado: cómo se construye", Jean Texereau ofrece una guía práctica y accesible para entusiastas de la astronomía que desean construir su propio telescopio. A lo largo del texto, Texereau combina teoría y práctica, explicando los principios ópticos fundamentales y las técnicas de construcción de telescopios refractores y reflectores. El autor detalla materiales, herramientas y procesos de ensamblaje, permitiendo a los aficionados no solo entender el funcionamiento de sus instrumentos, sino también desarrollar habilidades de manualidades y diseño. Además, se abordan las consideraciones necesarias para la calibración y el mantenimiento del telescopio, facilitando así una experiencia enriquecedora en la observación astronómica. Con un enfoque en la autosuficiencia y la experimentación, el libro promueve la curiosidad científica y el aprendizaje práctico, convirtiéndose en una referencia esencial para aquellos que desean adentrarse en el fascinante mundo de la astronomía amateur. La obra, publicada en 1961, sigue siendo relevante por su enfoque didáctico y su capacidad de inspirar a nuevas generaciones de astrónomos.
653 _aAstronomía
653 _aConstrucción de instrumentos
653 _aTelescopios
942 _b2026/02/17
_cBK
999 _c7693
_d7693